Badly Explained Countries by ChatGPT #2 - Statistics

General Stats
  • This quiz has been taken 68 times
  • The average score is 8 of 10
Answer Stats
Description Country % Correct
In a super cool land where cherry blossoms bloom and quirky vending machines dispense everything from socks to sushi, you’ll find an island nation that’s like a giant anime episode come to life! This place has been home to samurais, sushi chefs, and a few too many over-the-top robot cafes, all while somehow managing to maintain a deep respect for tradition. And if you ever get lost in a maze of neon lights and karaoke bars, just remember: the locals are basically ninjas at finding the best ramen, so don’t be shy—follow the slurps! Japan
95%
A skinny strip of land that looks like it’s barely hanging on between two oceans, acting like a shortcut for boats that don’t want to go all the way around South America. Teddy Roosevelt basically showed up, pointed at a map, and was like, “Dig here!” so they split the country with a canal, and it’s been super important ever since. There's an ancient tree somewhere in the jungle that locals say has never lost a single leaf, but good luck finding it because no one actually knows where it is. Panama
95%
This vast expanse stretches across Eastern Europe and Northern Asia, covering multiple time zones and climates, from icy tundras to expansive forests. Once ruled by powerful dynasties and later by a series of revolutions, it became a global force under various political regimes, surviving monumental conflicts and societal shifts. A single bridge in the country's extreme east is rumored to have a hidden chamber filled with letters never delivered, dating back over a century. Russia
91%
This tiny island duo floats somewhere in the southern Pacific, kinda near Australia but not too close, with way too many sheep compared to people. It was once home to a bunch of fierce warriors with face tattoos before getting conquered by some dudes with boats and tea. There’s supposedly a secret spot in the middle of nowhere where people say a giant carrot has been standing for decades, but like, almost no one has seen it. New Zealand
88%
This landlocked country in the middle of Africa is mostly jungle and savannah, with rivers winding through like it's lost and confused. It got its independence after a wild colonial ride and has since been in and out of conflicts, but somehow keeps moving forward. Despite the name, there’s no official car joke here. Central African Republic
86%
In a striking land where the Andes touch the clouds and the equator runs right through, you’ll find a place bursting with biodiversity, from misty mountains to vibrant rainforests. This territory has a storied past, shaped by ancient civilizations and a rich colonial legacy, all while playing host to a unique blend of cultures. And if you ever fancy a taste of their infamous ceviche, just know that it might come with a side of adventure—seafood and thrill-seeking often go hand in hand! Ecuador
81%
In a land where rolling fields meet ancient forests, one can find a territory that boasts some of the flattest landscapes in Europe. This place has weathered a tempestuous past filled with grand battles and shifting borders, all while cradling a rich cultural heritage. Also, if you ever hear someone arguing over borscht, just know it's not just soup—it's a culinary battle of epic proportions! Ukraine
68%
This oddly-shaped country sits between the Caspian Sea and the Caucasus Mountains, with a mix of deserts and forests crammed into a small space. It has been conquered by everyone from ancient Persians to modern Soviets, but somehow kept its own vibe through all the drama. There’s a mysterious village where, for centuries, people have claimed they can hear faint music coming from the mountains at sunset, though no one’s figured out the source. Azerbaijan
61%
A small mountainous place squished between the Balkans and the Adriatic, where everyone lives in castles or on rugged hillsides. Its history is basically one long epic of being invaded by empires, shaking them off, and somehow staying super tough and independent. One random building in the capital has a bunker beneath it that's been filled with hundreds of typewriters, yet no one knows where they all came from. Albania
60%
In a realm where the Sahara kisses the edges of a vast savanna, one can stumble upon a nation boasting some of Africa's most diverse landscapes, from arid deserts to lush riverbanks. This territory has seen empires rise and fall, with tales of ancient kingdoms and modern struggles weaving through its history like a winding river. And if you’re ever debating the merits of camel racing versus soccer, let’s just say the locals have a flair for competition that rivals any World Cup! Chad
53%
No matching quizzes found
Score Distribution
Percent of People with Each Score
Percentile by Number Answered
Your Score History
You have not taken this quiz